[Event "SVK-chT2D 1718"]
[Site "Slovakia"]
[Date "2018.02.25"]
[Round "9.6"]
[White "Zrost, Rudolf"]
[Black "Antal, Jakub"]
[Result "0-1"]
[WhiteElo "2025"]
[BlackElo "1837"]
[PlyCount "98"]
[EventDate "2017.10.28"]
[EventType "team-tourn"]
[EventRounds "11"]
[EventCountry "SVK"]
[SourceTitle "EXT 2019"]
[Source "ChessBase"]
[SourceDate "2018.10.10"]
[SourceVersion "1"]
[SourceVersionDate "2018.10.10"]
[SourceQuality "1"]
[WhiteTeam "Spisska Nova Ves"]
[BlackTeam "Kosice Slavia TU IV"]
[WhiteTeamCountry "SVK"]
[BlackTeamCountry "SVK"]

1. Nf3 c5 2. g3 b6 3. Bg2 Bb7 4. 0-0 g6 5. d3 Bg7 6. e4 e6 7. c3 Ne7 8. Qc2 0-0 9. Re1 Nbc6 10. Nbd2 d5 11. a3 a5 12. a4 Rc8 13. Nf1 Ba6 14. Rd1 Qd7 15. Bf4 e5 16. Bg5 f6 17. Be3 d4 18. cxd4 cxd4 19. Qb3+ Kh8 20. Bd2 Rb8 21. Ne1 b5 22. Rab1 Rb7 23. Qa2 Rfb8 24. b3 Nc8 25. h4 Bf8 26. h5 Bb4 27. hxg6 hxg6 28. Bf3 N8a7 29. Kg2 Kg7 30. Nc2 Bd6 31. Be2 Rh8 32. Nh2 Qh3+ 33. Kf3 Qxh2 34. Rh1 Qxh1+ 35. Rxh1 Rxh1 36. b4 axb4 37. axb5 Bxb5 38. Qd5 Be7 39. Nxb4 Bxb4 40. Bxb4 Rf7 41. Bc5 Re1 42. Qa2 Rc1 43. Ba3 Rc3 44. Bb2 Nb4 45. Qa5 Rb3 46. Bc1 Bxd3 47. Bxd3 Nxd3 48. Bh6+ Kxh6 49. Qd8 Kg7 0-1

[Event "SVK-chT2D 1617"]
[Site "Slovakia"]
[Date "2017.03.12"]
[Round "11.6"]
[White "Jusko, Peter"]
[Black "Zrost, Rudolf"]
[Result "0-1"]
[WhiteElo "1897"]
[BlackElo "2010"]
[PlyCount "62"]
[EventDate "2016.10.08"]
[EventType "team-tourn"]
[EventRounds "11"]
[EventCountry "SVK"]
[SourceTitle "EXT 2019"]
[Source "ChessBase"]
[SourceDate "2018.10.10"]
[SourceVersion "1"]
[SourceVersionDate "2018.10.10"]
[SourceQuality "1"]
[WhiteTeam "Sabinov II"]
[BlackTeam "Spisska Nova Ves"]
[WhiteTeamCountry "SVK"]
[BlackTeamCountry "SVK"]

1. d4 Nf6 2. c4 g6 3. Nc3 Bg7 4. e4 d6 5. h3 0-0 6. Nf3 Nbd7 7. Be3 c5 8. d5 a6 9. a4 Rb8 10. Bd3 Ne8 11. Qc2 Nc7 12. 0-0 Nf6 13. Nd2 Bd7 14. f4 b5 15. axb5 axb5 16. e5 Nfe8 17. Rab1 dxe5 18. Bxc5 Nd6 19. Bxd6 exd6 20. Nce4 bxc4 21. Bxc4 Nb5 22. b3 Qb6+ 23. Kh1 Na3 24. Qd3 Nxb1 25. Nxb1 exf4 26. Rxf4 f5 27. Nec3 Rbe8 28. Rf1 Re3 29. Qc2 Rfe8 30. Ne2 Bb5 31. Ng1 Bxc4 0-1

[Event "SVK-chT2D 14/15"]
[Site "Slovakia"]
[Date "2015.03.07"]
[Round "10.6"]
[White "Zuscin, Martin"]
[Black "Zrost, Rudolf"]
[Result "1/2-1/2"]
[WhiteElo "1856"]
[BlackElo "1966"]
[PlyCount "97"]
[EventDate "2014.10.11"]
[EventType "team-tourn"]
[EventRounds "11"]
[EventCountry "SVK"]
[SourceTitle "EXT 2019"]
[Source "ChessBase"]
[SourceDate "2018.10.10"]
[SourceVersion "1"]
[SourceVersionDate "2018.10.10"]
[SourceQuality "1"]
[WhiteTeam "Bardejov BSK"]
[BlackTeam "Spisska Nova Ves"]
[WhiteTeamCountry "SVK"]
[BlackTeamCountry "SVK"]

1. e4 Nf6 2. Nc3 d5 3. exd5 Nxd5 4. Bc4 c6 5. Nf3 Bg4 6. d4 e6 7. Nxd5 cxd5 8. Bb5+ Nc6 9. c3 Bd6 10. 0-0 0-0 11. Be2 Qc7 12. h3 Bh5 13. Nh4 Bxe2 14. Qxe2 Be7 15. Nf3 Bf6 16. Bg5 Bxg5 17. Nxg5 h6 18. Nf3 a6 19. Rfe1 Rab8 20. Ne5 Rfc8 21. Qg4 Nxe5 22. Rxe5 b5 23. a3 a5 24. Re3 Qd6 25. Rg3 Qf8 26. f4 f5 27. Qg6 Rc6 28. Qxh6 Rbb6 29. Qh5 Qf6 30. Re1 b4 31. axb4 axb4 32. Ra1 Ra6 33. Rxa6 Rxa6 34. Qe8+ Kh7 35. Rg5 g6 36. h4 bxc3 37. bxc3 Ra7 38. h5 Rg7 39. hxg6+ Rxg6 40. Rxg6 Qxg6 41. Qxg6+ Kxg6 42. Kh2 Kh6 43. Kh3 Kh5 44. Kg3 Kg6 45. Kh4 Kh6 46. g3 Kg6 47. g4 fxg4 48. Kxg4 Kf6 49. Kg3 1/2-1/2

[Event "SVK-chT2D 1314"]
[Site "Slovakia"]
[Date "2014.01.11"]
[Round "5.6"]
[White "Zrost, Rudolf"]
[Black "Lejnarova, Maria"]
[Result "1-0"]
[WhiteElo "1972"]
[BlackElo "1982"]
[PlyCount "59"]
[EventDate "2013.10.19"]
[EventType "team-tourn"]
[EventRounds "11"]
[EventCountry "SVK"]
[SourceTitle "EXT 2015"]
[Source "ChessBase"]
[SourceDate "2014.11.20"]
[SourceVersion "1"]
[SourceVersionDate "2014.11.20"]
[SourceQuality "1"]
[WhiteTeam "Spisska Nova Ves"]
[BlackTeam "Kezmarok II"]
[WhiteTeamCountry "SVK"]
[BlackTeamCountry "SVK"]

1. d4 e6 2. Nf3 d5 3. c4 c5 4. Nc3 Nc6 5. cxd5 exd5 6. g3 Be6 7. Bg2 Nf6 8. 0-0 a6 9. h3 Qc8 10. Kh2 h6 11. Be3 c4 12. Ne5 Bd6 13. f4 b5 14. Bf2 g5 15. Re1 gxf4 16. gxf4 Ne7 17. e4 dxe4 18. Nxe4 Nxe4 19. Bxe4 Rb8 20. Qf3 Bxe5 21. dxe5 Qc7 22. Rad1 Bf5 23. Rd6 a5 24. Red1 Bxe4 25. Qxe4 h5 26. Bb6 Rxb6 27. Rxb6 Qc5 28. Rb8+ Nc8 29. Qd4 Qc7 30. Rxb5 1-0

[Event "SVK-chT2D 1213"]
[Site "Slovakia"]
[Date "2013.02.03"]
[Round "7.7"]
[White "Vojtko, Marek"]
[Black "Zrost, Rudolf"]
[Result "1/2-1/2"]
[WhiteElo "2072"]
[BlackElo "1990"]
[PlyCount "57"]
[EventDate "2012.10.13"]
[EventType "team-tourn"]
[EventRounds "11"]
[EventCountry "SVK"]
[SourceTitle "EXT 2015"]
[Source "ChessBase"]
[SourceDate "2014.11.20"]
[SourceVersion "1"]
[SourceVersionDate "2014.11.20"]
[SourceQuality "1"]
[WhiteTeam "Prakovce"]
[BlackTeam "Margecany"]
[WhiteTeamCountry "SVK"]
[BlackTeamCountry "SVK"]

1. d4 Nf6 2. c4 e6 3. Nf3 d5 4. g3 Be7 5. Bg2 0-0 6. 0-0 c6 7. Nbd2 Nbd7 8. Qc2 b6 9. b3 Bb7 10. Bb2 Rc8 11. e4 dxe4 12. Nxe4 c5 13. Nxf6+ Bxf6 14. Rad1 Qc7 15. dxc5 Nxc5 16. Bxf6 gxf6 17. Rd4 f5 18. Qd2 f6 19. Rd1 Ne4 20. Qh6 Rcd8 21. Qe3 e5 22. Rxd8 Rxd8 23. Rxd8+ Qxd8 24. Ne1 Qd1 25. Bf1 Qb1 26. a4 Bc8 27. Kg2 Nc5 28. Qd2 Kg7 29. Be2 1/2-1/2

[Event "SVK-chT2D 1213"]
[Site "Slovakia"]
[Date "2012.12.16"]
[Round "6.5"]
[White "Zrost, Rudolf"]
[Black "Hennel, Karol"]
[Result "0-1"]
[WhiteElo "1990"]
[BlackElo "2068"]
[PlyCount "90"]
[EventDate "2012.10.13"]
[EventType "team-tourn"]
[EventRounds "11"]
[EventCountry "SVK"]
[SourceTitle "EXT 2015"]
[Source "ChessBase"]
[SourceDate "2014.11.20"]
[SourceVersion "1"]
[SourceVersionDate "2014.11.20"]
[SourceQuality "1"]
[WhiteTeam "Margecany"]
[BlackTeam "Kezmarok II"]
[WhiteTeamCountry "SVK"]
[BlackTeamCountry "SVK"]

1. d4 Nf6 2. c4 e5 3. dxe5 Ng4 4. Nf3 Bc5 5. e3 Nc6 6. Be2 Ngxe5 7. Nbd2 0-0 8. Nxe5 Nxe5 9. Nf3 Qf6 10. Nxe5 Qxe5 11. 0-0 d6 12. Qd5 Qf6 13. Qf3 Qg6 14. b3 c6 15. Bb2 Bf5 16. Qh5 Qe6 17. Qg5 f6 18. Qf4 Rae8 19. Rad1 Qe4 20. Qxe4 Bxe4 21. Bc3 d5 22. Bd4 Bb6 23. f3 Bxd4 24. Rxd4 Bg6 25. cxd5 Rxe3 26. dxc6 Rxe2 27. cxb7 Re7 28. Rb4 Rb8 29. Rc1 Rbxb7 30. Rc8+ Kf7 31. Rd4 Bb1 32. Rdd8 Bxa2 33. f4 Rbc7 34. Rb8 Re2 35. h4 Rcc2 36. f5 Rxg2+ 37. Kf1 Rgf2+ 38. Kg1 Rg2+ 39. Kf1 Ke7 40. Re8+ Kd6 41. Red8+ Ke5 42. Rb5+ Kf4 43. Rd4+ Kg3 44. Rd3+ Kxh4 45. Rb7 Rb2 0-1

[Event "SVK-chT2D 1213"]
[Site "Slovakia"]
[Date "2012.10.13"]
[Round "1.6"]
[White "Zrost, Rudolf"]
[Black "Ducay, Miroslav"]
[Result "1-0"]
[WhiteElo "1990"]
[BlackElo "2006"]
[PlyCount "61"]
[EventDate "2012.10.13"]
[EventType "team-tourn"]
[EventRounds "11"]
[EventCountry "SVK"]
[SourceTitle "EXT 2015"]
[Source "ChessBase"]
[SourceDate "2014.11.20"]
[SourceVersion "1"]
[SourceVersionDate "2014.11.20"]
[SourceQuality "1"]
[WhiteTeam "Margecany"]
[BlackTeam "Presov Tatran Dason"]
[WhiteTeamCountry "SVK"]
[BlackTeamCountry "SVK"]

1. d4 d5 2. Nf3 Nf6 3. c4 e6 4. Nbd2 c5 5. e3 Nc6 6. cxd5 exd5 7. dxc5 Bxc5 8. Nb3 Bd6 9. Be2 0-0 10. 0-0 Bf5 11. Nbd4 Be4 12. Bd2 Rc8 13. Nxc6 bxc6 14. Bc3 Re8 15. Rc1 Bxf3 16. Bxf3 Ne4 17. Bxe4 Rxe4 18. Qf3 Qg5 19. Rfd1 h5 20. Rd4 Rxd4 21. Bxd4 c5 22. Bc3 d4 23. Bxd4 Rd8 24. Bc3 f5 25. Ba5 Rd7 26. Qd5+ Kf8 27. Qe6 Qh4 28. g3 Qa4 29. Qxf5+ Rf7 30. Qc8+ Ke7 31. Bd8+ 1-0